[Event "Paris-ch op-B 87th"]
[Site "Paris"]
[Date "2012.07.11"]
[Round "5"]
[White "Contois, Frederick Andre"]
[Black "Ribaud Chevrey, Philippe"]
[Result "1-0"]
[WhiteElo "1914"]
[BlackElo "2101"]
[PlyCount "145"]
[EventDate "2012.07.07"]
[EventType "swiss"]
[EventRounds "9"]
[EventCountry "FRA"]
[SourceTitle "EXT 2013"]
[Source "ChessBase"]
[SourceDate "2012.11.22"]
[SourceVersion "1"]
[SourceVersionDate "2012.11.22"]
[SourceQuality "1"]

1. e4 e6 2. d4 c5 3. Nf3 a6 4. Be2 cxd4 5. Nxd4 Nf6 6. Bf3 Qc7 7. Qe2 d6 8. Nc3 Nbd7 9. Bg5 Be7 10. h4 Ne5 11. 0-0-0 Bd7 12. g4 b5 13. Bxf6 Bxf6 14. Bg2 Rc8 15. g5 Be7 16. f4 Nc4 17. Rd3 Qa5 18. Nb3 Qb6 19. f5 b4 20. Nd1 a5 21. Qf2 Qxf2 22. Nxf2 exf5 23. Bh3 a4 24. Nd2 Ne5 25. exf5 Nxd3+ 26. Nxd3 Rb8 27. Re1 Kd8 28. Re4 d5 29. Rd4 Bc6 30. Ne5 Ba8 31. Nxf7+ Kc7 32. Nxh8 Rxh8 33. f6 gxf6 34. gxf6 Bxf6 35. Rxb4 Re8 36. Nf3 Bc6 37. Kd2 Be7 38. Rf4 a3 39. b3 Bc5 40. Nd4 Kb6 41. h5 Re5 42. Bg4 Be8 43. Rf6+ Kb7 44. Nf5 Kc7 45. Rh6 d4 46. Rxh7+ Kb6 47. Rh8 Bb5 48. Rb8+ Ka6 49. Rxb5 Kxb5 50. Kd3 Re1 51. Bf3 Bf8 52. Nxd4+ Kb6 53. b4 Rb1 54. c3 Rb2 55. Bd5 Bg7 56. Bf7 Rh2 57. Kc4 Rh4 58. Kb3 Bxd4 59. cxd4 Rh3+ 60. Ka4 Rf3 61. Be6 Kc7 62. h6 Rf6 63. h7 Rh6 64. Bg8 Rh3 65. Ka5 Rh5+ 66. d5 Kd6 67. Kb6 Rh2 68. Ka7 Rh4 69. b5 Ra4+ 70. Kb8 Rh4 71. b6 Kd7 72. b7 Kd8 73. Ka7 1-0

[Event "Paris-ch op-B 87th"]
[Site "Paris"]
[Date "2012.07.09"]
[Round "3"]
[White "Bacon, Jean Pierre"]
[Black "Ribaud Chevrey, Philippe"]
[Result "1-0"]
[WhiteElo "1816"]
[BlackElo "2101"]
[PlyCount "151"]
[EventDate "2012.07.07"]
[EventType "swiss"]
[EventRounds "9"]
[EventCountry "FRA"]
[SourceTitle "EXT 2013"]
[Source "ChessBase"]
[SourceDate "2012.11.22"]
[SourceVersion "1"]
[SourceVersionDate "2012.11.22"]
[SourceQuality "1"]

1. d4 d6 2. Nf3 Nd7 3. c4 e5 4. dxe5 dxe5 5. Nc3 Ngf6 6. Bg5 Be7 7. e3 c6 8. Be2 Qc7 9. Qc2 0-0 10. 0-0 a5 11. a3 Re8 12. Rfd1 Nf8 13. Bxf6 Bxf6 14. Ne4 Qe7 15. Nxf6+ Qxf6 16. c5 Bf5 17. e4 Bg6 18. Rd6 Qf4 19. Nd2 Ne6 20. g3 Qf6 21. Rd1 Nd4 22. Qd3 Re6 23. Nc4 Rxd6 24. Nxd6 b6 25. b4 bxc5 26. bxc5 Rb8 27. Bg4 h5 28. Bf5 Rb3 29. Qc4 Rc3 30. Qa6 Rxc5 31. Qc8+ Kh7 32. Qf8 Ne6 33. Bxe6 fxe6 34. Nf7 Qxf7 35. Qxc5 Bxe4 36. Qe3 Bd5 37. h4 Qf5 38. Kh2 c5 39. Re1 c4 40. Rc1 Kg8 41. Rc3 e4 42. Rc1 Qf6 43. Qe2 Qd4 44. Rd1 Qc5 45. Rb1 g6 46. Qb2 Kf7 47. Qd2 c3 48. Qf4+ Ke7 49. Rb8 Kd7 50. Qf7+ Qe7 51. Qxe7+ Kxe7 52. Rc8 Kd7 53. Rxc3 a4 54. Kg1 Kd6 55. Kf1 Ke5 56. Ke2 Kd4 57. Rc1 Bc4+ 58. Kd2 Bd5 59. Rc7 Ke5 60. Ke3 Bb3 61. Rb7 Bd5 62. Rb4 Bc6 63. Rd4 Kf5 64. Rd6 Bd5 65. Rb6 Ke5 66. Rb5 Kf6 67. Rb4 Bc6 68. Rc4 Bd7 69. Kxe4 Be8 70. Rb4 Bc6+ 71. Kd4 e5+ 72. Kc5 Be8 73. Kd6 Kf5 74. Rb8 Bf7 75. Rf8 Kf6 76. f3 1-0

[Event "FRA-ch op FIDE"]
[Site "Paris"]
[Date "1994.??.??"]
[Round "8"]
[White "Ribaud Chevrey, Philippe"]
[Black "Louise, Gilles"]
[Result "1/2-1/2"]
[WhiteElo "2126"]
[BlackElo "2000"]
[PlyCount "106"]
[EventDate "1994.??.??"]
[EventType "swiss"]
[EventRounds "9"]
[EventCountry "FRA"]
[SourceTitle "EXT 1998"]
[Source "ChessBase"]
[SourceDate "1997.11.17"]
[SourceVersion "1"]
[SourceVersionDate "1997.11.17"]
[SourceQuality "1"]

1. d4 Nf6 2. Nf3 g6 3. Bg5 Bg7 4. Nbd2 d5 5. Bxf6 exf6 6. e4 0-0 7. exd5 Re8+ 8. Be2 Qe7 9. c3 Bg4 10. Kf1 Nd7 11. h3 Bxf3 12. Bxf3 f5 13. g3 Nf6 14. Kg2 Rad8 15. Re1 Qd7 16. Qb3 b6 17. Nc4 Ne4 18. Bxe4 fxe4 19. Nd2 Qf5 20. Qc2 Qxd5 21. Nf1 h5 22. Re2 e3+ 23. Kh2 exf2 24. Rxf2 h4 25. Qb3 hxg3+ 26. Nxg3 Bf8 27. Raf1 Qxb3 28. axb3 Rd7 29. Kg2 a5 30. h4 Bd6 31. Rh1 Bxg3 32. Kxg3 Rd5 33. Rhf1 Re7 34. Rf4 Kg7 35. R1f2 g5 36. hxg5 Rxg5+ 37. Rg4 Re3+ 38. Kf4 Rxg4+ 39. Kxg4 Re1 40. Kf5 f6 41. Rh2 c5 42. dxc5 Re5+ 43. Kf4 Rxc5 44. Rg2+ Kf7 45. Rg3 Rb5 46. c4 Rh5 47. Ke4 Ke6 48. Kd4 Kd6 49. Rf3 f5 50. Kc3 Kc5 51. Rf4 Rg5 52. Rf3 Rh5 53. Rf4 Rg5 1/2-1/2

[Event "Massy op"]
[Site "Massy"]
[Date "1993.??.??"]
[Round "4"]
[White "Kovacevic, Slobodan"]
[Black "Ribaud Chevrey, Philippe"]
[Result "1-0"]
[WhiteElo "2435"]
[BlackElo "2126"]
[PlyCount "59"]
[EventDate "1993.??.??"]
[EventType "swiss"]
[EventRounds "9"]
[EventCountry "FRA"]
[SourceTitle "EXT 1997"]
[Source "ChessBase"]
[SourceDate "1996.11.15"]
[SourceVersion "1"]
[SourceVersionDate "1996.11.15"]
[SourceQuality "1"]

1. d4 d6 2. Bg5 c6 3. c3 Qc7 4. e4 e5 5. dxe5 dxe5 6. a4 Be6 7. Nd2 Nd7 8. Ngf3 Ngf6 9. Qc2 h6 10. Bh4 a5 11. Bc4 Bxc4 12. Nxc4 Nh5 13. 0-0 Bc5 14. Rfd1 g5 15. Bg3 f6 16. Rd3 Ke7 17. Nfd2 Nf4 18. Bxf4 gxf4 19. Nf3 Nb6 20. Nxb6 Qxb6 21. Nh4 Rad8 22. Ng6+ Ke6 23. Rad1 Rhg8 24. Nh4 Be7 25. b4 f5 26. Nxf5 axb4 27. Qb3+ Kf6 28. Nxh6 Rg7 29. Rxd8 Bxd8 30. Rd6+ 1-0